|
|
|
|
| LEADER |
00000nab a2200000 a 4500 |
| 001 |
vtls000446464 |
| 003 |
SK-MaSNL |
| 005 |
20260303202749.0 |
| 008 |
160401c1992 xo 0 slo |
| 015 |
|
|
|a SNBRB19rr/mm-uuuuu
|
| 035 |
|
|
|a CL0446595
|
| 040 |
|
|
|a SNKBUCL
|b slo
|c SNKBUCL
|e AACR2
|
| 041 |
0 |
|
|a slo
|
| 044 |
|
|
|a xo
|c SK
|
| 080 |
|
|
|a 797.25.093.1(437)
|2 1981
|
| 245 |
0 |
0 |
|a Piešťanci sa vytiahli
|b 1. liga vo vodnom póle - 1. dvojkolo ; (ps), (ta), (t-jež), (tl), (ko), (ps), (ta), (t-jež), (tl), (ko)
|
| 650 |
0 |
7 |
|a vodné pólo
|2 snkbucl
|9 3219
|
| 655 |
|
7 |
|a články z novín a časopisov
|2 snkbucl
|9 267496
|
| 700 |
1 |
|
|a (ps)
|c (iný)
|4 aut
|
| 700 |
1 |
|
|a (ta)
|4 aut
|9 838474
|
| 700 |
1 |
|
|a (t-jež)
|4 aut
|9 935105
|
| 700 |
1 |
|
|a (tl)
|4 aut
|9 841072
|
| 700 |
1 |
|
|a (ko)
|4 aut
|9 891797
|
| 773 |
0 |
|
|t Šport
|g Roč. 46, č. 58 (9. 3. 1992), s. 5
|
| 850 |
|
|
|a Slovenská národná knižnica v Martine
|a MTA001
|
| 852 |
|
|
|a SNK
|b KIS3GCP
|
| 958 |
|
|
|a RK
|
| 999 |
|
|
|c 2181613
|d 2183543
|